Virus infections in bats /

Bibliographic Details
Main Author: Sulkin, S. Edward
Other Authors: Allen, Rae
Format: Book
Language:English
Published: Basel, New York : S. Karger, 1974.
Series:Monographs in virology ; v. 8.
Subjects:

MARC

Tag First Indicator Second Indicator Subfields
LEADER 00000cam a2200000 4500
001 in00000607236
005 20151014101003.0
008 741212s1974 gw b 00010 eng
010 |a  74180340  
035 |a (OCoLC)01109354 
035 |9 ACR4613AM 
040 |a DLC  |c YNG  |d TXA  |d UtOrBLW 
049 |a TXAM  |c [1238289] 
050 0 0 |a QR301  |b .S9 
100 1 |a Sulkin, S. Edward. 
245 1 0 |a Virus infections in bats /  |c [by] S. Edward Sulkin and Rae Allen. 
264 1 |a Basel,  |a New York :  |b S. Karger,  |c 1974. 
300 |a viii, 103 pages :  |b illustrations ;  |c 25 cm. 
336 |a text  |b txt  |2 rdacontent 
337 |a unmediated  |b n  |2 rdamedia 
338 |a volume  |b nc  |2 rdacarrier 
490 1 |a Monographs in virology,  |v v. 8 
504 |a Bibliography: pages [89]-103. 
650 0 |a Virus diseases. 
650 0 |a Bats as carriers of disease. 
650 0 |a Bats as laboratory animals. 
650 0 |a Bats  |x Diseases. 
700 1 |a Allen, Rae. 
830 0 |a Monographs in virology ;  |v v. 8. 
999 |a MARS 
999 f f |s bb2fe006-26f6-3810-b057-fa9d8f80659a  |i 00568e44-fabb-3ede-946f-3ece62ec1cdd  |t 0 
952 f f |p ric  |a Texas A&M University  |b Rellis Campus  |c Joint Library Facility  |d Remote Storage  |t 0  |e QR301 .S9  |h Library of Congress classification  |i unmediated -- volume  |m A14805044153 
998 f f |a QR301 .S9  |t 0  |l Remote Storage